Name the Top 100 Airlines of 2022 - Statistics

General Stats
  • This quiz has been taken 44 times
  • The average score is 36 of 100
Answer Stats
Answer % Correct
American Airlines
86%
Emirates
86%
Lufthansa
81%
Singapore Airlines
81%
Air France
78%
Ryanair
78%
British Airways
73%
Qantas
73%
Japan Airlines
70%
Air Canada
68%
Delta Air Lines
68%
United Airlines
68%
EasyJet
65%
Qatar Airways
65%
Iberia
62%
KLM
62%
Air New Zealand
57%
Etihad
57%
Korean Air
57%
SAS
57%
Turkish Airlines
57%
Aer Lingus
51%
Finnair
51%
LOT
51%
Brussels Airlines
49%
Swiss
49%
Virgin Atlantic
49%
airBaltic
46%
ANA
46%
Cathay Pacific
46%
China Airlines
46%
Ethiopian Airlines
46%
LATAM
46%
Egyptair
43%
EVA Air
43%
Norwegian
43%
Thai Airways
43%
Aegean Airlines
41%
AirAsia
41%
Alaska Airlines
41%
Austrian Airlines
41%
Garuda Indonesia
41%
Royal Air Maroc
41%
Southwest Airlines
41%
Avianca
38%
China Eastern Airlines
38%
Wizz Air
38%
China Southern Airlines
35%
Hawaiian Airlines
35%
Kenya Airways
35%
Oman Air
35%
South African Airways
35%
Vietnam Airlines
35%
Eurowings
32%
Gulf Air
32%
ITA Airways
32%
Malaysia Airlines
32%
Air Serbia
30%
IndiGo
30%
Scoot
30%
WestJet
30%
Asiana Airlines
27%
Hainan Airlines
27%
Philippine Airlines
27%
Air Malta
24%
Air Mauritius
24%
Air Transat
24%
Copa Airlines
24%
Jet2
24%
Virgin Australia
24%
Vueling
24%
Air Arabia
22%
Saudi Arabian Airlines
19%
Hong Kong Airlines
16%
Kuwait Airways
16%
Peach
16%
TAP Portugal
16%
Fiji Airways
14%
Azerbaijan Airlines
11%
flyDubai
11%
JetBlue Airways
11%
Royal Brunei Airlines
11%
Vistara
11%
Air Astana
8%
Azul Airlines
8%
Bangkok Airways
8%
Citilink
8%
Flynas
8%
Jetstar Airways
8%
LEVEL
8%
SunExpress
8%
Air Dolomiti
5%
TUI Airways
5%
Air Canada rouge
3%
American Eagle
3%
Jetstar Asia
3%
Rex Airlines
3%
Sky Airline
3%
Buta Airways
0%
JetSmart
0%
No matching quizzes found
Score Distribution
Percent of People with Each Score
Percentile by Number Answered
Your Score History
You have not taken this quiz